000 00253pab a2200109 454500
008 180718b xxu||||| |||| 00| 0 eng d
100 _aGoldsmith, Mike
245 _aLocal government
650 _aLocal Government
773 _aUrban Studies
909 _a21959
999 _c21959
_d21959